00221nam a2200097Ia 4500008004100000100002700041245002600068260000900094942000700103999001300110190216s9999||||xx |||||||||||||| ||und|| aAbdul Hasan Ali Nadiri 0aAl-Qiraathul Rasheeda bNull cBK c113d113